Click the Caspian Sea Countries Quiz Stats

Quiz Updated Sep 5, 2017

Challenge
Share
Tweet
Score 0/5 Timer 00:30
17 Plays Today
% Correct
Iran
91.1%
Azerbaijan
87.4%
Kazakhstan
87.3%
Turkmenistan
86.5%
Russia
76.1%

You're not logged in!

Compare scores with friends on all Sporcle quizzes.
Sign Up with Email
OR
Log In

You Might Also Like...

Show Comments

Extras

Top Quizzes Today


Score Distribution

Your Account Isn't Verified!

In order to create a playlist on Sporcle, you need to verify the email address you used during registration. Go to your Sporcle Settings to finish the process.